| 000 | 00530nam a22001937a 4500 | ||
|---|---|---|---|
| 005 | 20200229133040.0 | ||
| 008 | 200229b xxu||||| |||| 00| 0 eng d | ||
| 020 |
_a9781909889224 _cRs 799 |
||
| 040 | _beng | ||
| 041 | _aEnglish | ||
| 082 |
_a823.08 _bGRA |
||
| 245 |
_aGranta 40 Birthday Special _bThe magazine of new writing No 147, Spring 2019 |
||
| 260 |
_aLondon _bGranta _c2019 |
||
| 300 |
_a448p _b24 cm |
||
| 650 |
_aFiction in English _vCollectiion |
||
| 700 |
_4ed. _aRausing, Sigrid |
||
| 850 | _aLCLIB | ||
| 942 | _cBK | ||
| 999 |
_c42589 _d93068 |
||